Zgadnij piosenkę rapową po części refrenu TOP 100 hip-hop/rap/trap. - Statystyki

Ogólne statystyki
  • Ten quiz został rozwiązany 757 razy
  • Średni wynik to 53 z 100
Statystyki odpowiedzi
Część refrenu Wykonawcy w tym feat./gość/&/x/ Utwór % Poprawnych
"A czy ja wierzę w Boga? A czy on wierzy we mnie?" ReTo Billy Kid
82%
"Jebane młotki zostawcie nasze schodki My tu tylko pijemy to piwo i palimy lolki" Mata Schodki
78%
"Olewam party i palę blueberry, ona mi robi numery, a ja wtedy robię numery" Guzior Blueberry
77%
"I weź tą prace odstaw, zapalmy papieroska" White 2115 California
77%
"Dzwoni papuga, mówi, że musi się udać" Mata Quebonafide Malik montana Papuga
76%
"Nie mam zamiaru się smucić tylko zatracić w tym co najlepsze, chcą się kłócić chcą nas zdusić jakby to było konieczne" Kizo Disney
74%
"Jestem tego pewny, w głębi duszy o tym wiem, że gdzieś na szczycie góry," Grubson Na szczycie
74%
"Tęskniłem za Tobą, nie kłamię jak zły, że dałbym się pociąć, ale przyjmę kulkę w moim bubble tea" Quebonafide Daria Zawiałow Bubbletea
72%
"Nie wierzę, afera Ziomka chyba zabiera" Sobel Impreza
72%
"Kocham Cię, mała, skradłaś moje serce I pewnie się zastanawiasz, czemu nie mówiłem wcześniej" Mata Kiss cam
72%
"Jestem poza kontrolą zabrać nic już mi nie mogą, bo nic nie mam moje logo, mówi Ci że jestem sobą" Tymek Poza kontrolą
72%
"Nie mam czasu na twe brednie, mam tylko pięć miejsc w furze, Muszę kupić lepsze" Tymek, Trill Pem, Deys Rainman
72%
"Ona nie wie, że ma do czynienia z bestią I jeśli będzie miała dalej diabeł to jej dziecko" Young Igi Bestia
71%
"Pić, jeść, spać" Taconafide Tamagotchi
71%
"Ja widziałem jak wychodziła ze Złotych Tarasów Jej uśmiechu nie zapomnę, poprawił mój nastrój" Mr.Polska Złote tarasy
71%
"Bo my chcemy żyć Bo my chcemy kraść" SB Maffija Lawenda
70%
"My to! My to!" Mata Patointeligencja
70%
"Wiosna, lato, jesień, zima. Na****ny wciąż jak świnia, Cztery różne pory roku Pije za dnia i o zmroku." Qbik 4 pory roku
69%
"Tańcz z nami, jak małpa Tańcz z nami, jak małpa, ej" Chillwagon @(małpa)
69%
"Jak zygzak McQueen tutaj lecę Mam złoty tłok i złotą kiete" Ekipa Jacuś Zygzak
69%
"Jesteś ładniejsza niż na zdjęciach, a na nich już byłaś piękna Powiedz mi ile to znaczy "na zawsze"?" Bedoes Lanek Jesteś ładniejsza niż na zdjęciach
68%
"Mentolowe, Winston, L&M, czerwień - LD lub Marlboro Chesterfieldy i Camele, Lucky Strike'i dobre ponoć" ReTo Papierosy_rmx
68%
"Bombay, Sapphire! Wygląda jak Twoje oczy, a mi chcę się pić, chcę się ich napić I chyba musze się zaszyć, gdzieś z Tobą" Mata Szafir
68%
"Odwiedzam najebany most, rozpalam gibona by nie walić w nos" ReTo UA
68%
"Casablanca, Casablanca Mógłbym zrobić o tym film Stale sobą mnie zadziwiasz A nie znamy się od dziś" Blacha Casablanca
67%
"Daj mi tylko jedną noc, zapomnij o swoich przejściach, skarbie ze mną chodź" Deemz Bedoes Planbe Eldorado
65%
"Czekam na falę jak blok Setki ton, by nas zabrało Wciągnie wnet pod wodę prąd Chwyć mą dłoń, zniknijmy z radarów" Guzior Oskar83 Fala
65%
"Gombao" Mata Wyguś Szczepan Adam Gombao 33
65%
"Ona by chciała wiedzieć, jakie mam plany, co o niej wiem" Tymek BIg Scythe Język ciała
65%
"Zapisane to, że dziś umieram" White 2115 Mogę dziś umierać
65%
"Wszystko pod kontrolą, władza opętana, podwórka Was pie***lą, podpalając grama" Paluch Szaman
65%
"Twoja skóra pachnie jak ostatnie dni wakacji Dziś powietrze pachnie jak ostatnie dni wakacji Deszcz na betonie, deszcz na betonie" Taco Hemingway Deszcz na betonie
64%
"Dzisiaj olewam te księżniczki bo dzisiaj inaczej patrzą na nas Gdyby wiedziały co przeszliśmy ziom, inaczej by patrzyły na nas" Żabson Księżniczki
64%
"Piękny świat Lubię zapomnieć, że zło nas dosięga Wystarczy łza" Gibbs Kiełas Piękny świat
63%
"Czasem mówią Ci, że nie dasz rady A ich słowa lecą w dół jak wodospady" Popek Matheo Wodospady
63%
"Nocą tańczą demony, całując się w agonii Patrzą na mnie jak na zdobycz Wokół krążą anioły, wirując jak narkotyk" Tymek Big Scythe Deys Anioły i Demony
62%
"Ona wybacza moje wady, wybacza błędy" Quebonafide Klaudia Szafrańska Candy
62%
"Dobrze, że nie masz pieniędzy, bo wydałbyś wszystko na ciuchy U mnie spokojnie, powoli do przodu, u ciebie wahania jak kryptowaluty" Taconafide Kryptowaluty
62%
"Mówiłaś, że będziesz całować, ja chciałem odlecieć daleko" Young Igi Mówiłaś
62%
"Trap life (Whoo), MAT Młody Matczak Gdyby nie licencja poetica czekałby mnie poprawczak" Mata Patoreakcja
62%
"Płuca zlepione topami Leżę tak tygodniami Mała, jesteś taka przyłóż do rany Nie umiem ciągle być taki" Guzior Płuca zlepione topami
62%
"Hej, hej, hej! Mała! Ciągle zapijam emocje, gdybym tatuował łzy jak Baka, płakałbym do kostek" Taconafide Bedoes 8 kobiet
61%
"Ja tak jak kot 7 żyć i baluję całą noc, tak jak kot 7 żyć i baluję" Malik montana Mr.Polska Jagodzianki
60%
"Jedna tabletka to dopiero start" Malik montana DaChoyce Jetlag
60%
"Przyszedłem sam, zabrałem dwie" Malik montana K koke Robię Yeah
60%
"Ja siedziałem w aucie sam W radiu grało Lady Pank" Kubańczyk Lady pank
59%
"Mój dance macabre Więc chodź do tańca, gdy krok to szansa i los nam" Quebonafide ReTo Half dead
58%
"Wjeżdżają nad ranem Ostatni telefon, pozdrawiam mamę Wiesz co jest grane" Kabe Nad ranem
58%
"Nowy kolor to ja, kolor to ja Nie wiesz, co mam w planach Ja tego nawet tu nie powiem im" Otsochodzi Taco Hemingway Nowy kolor
58%
"Pijemy za lepszy czas Za każdy dzień, który w życiu trwa" Smolasty 730Huncho Pijemy za lepszy czas
58%
"Łączy nas coś więcej niż alkohol" SB Maffija A nie pamiętasz jak?
56%
"Wypływam na morza jak Barbarossa Słyszysz krzyki na łajbie, to wiesz, kto głos ma" ReTo Bossman
56%
"I znów wszystko gra, gdy ze mną najlepszy ziomek, znamy się od lat jak z Ganją i kielonem" Ganja Mafia Mój ziomek
56%
"Kiedy widzi mnie to chce podbić sama わりわせわりの młoda dama" Otschodzi Nie, nie
56%
"Dzisiaj na jutro pewnie czekam bez strachu, wita mnie świt, witam go na luzaku, radości łzy i smutku pół na pół, cały czas życiu stawiam czoła bez strachu" Paluch Bez Strachu
55%
"Znam się na sztukach Stewardessach, pigułach, SMS'ach, na nutach Klubach, na wygrzewkach Laserach, światłach, mercedesach" PRO8L3M Ground zero
55%
"Mamy pełen bak, rozpędzimy fure, rozbijemy bank, powiedz mi co czujesz" Wiatr Be vis Sobel Testarossa
55%
"Może znałeś człowieka, może słyszałeś jak gra" Sarius Wiking
55%
"Dziewczyny chcą się tylko ciągle bawić Dziewczyny chcą próbować nowe dragi"
Bedoes Kubi producent 05:05
54%
"One chcą się bawić całą noc, nie starcza im czasu żeby kochać" Smolasty Duże oczy
54%
"Płynie w nas ta młoda krew, Wiesz dobrze, kto przejmuje tu ster. Pamiętam, jak krzywo patrzyłeś na mnie, Nie sądziłeś, że się w tym miejscu znajdę." Zbuku Śliwa Sztoss Młoda krew
54%
"Jeśli mogę być kimś więcej, niż tylko sobą Jeśli mogę żyć - to tylko z tobą" Szpaku Hinata
52%
"Wiozę się pomału, V8 na legalu Rozjebałem znowu płytą - to jedyny zarzut" Kali 30KMH
51%
"Ubrana we wstyd, rozbiera wzrokiem Obliże zęby, dawkując kokę" ReTo Quebonafide Sorry Dolores
51%
"Gdybyś kiedyś miała w planach Odejść sama i nie myśleć o mnie znów Będę szedł wciąż po Twoich śladach By przynieść ogień, gdy dopadnie Ciebie chłód" Paluch Gdybyś kiedyś
49%
"Pizda prosto, nie patrzę za siebie" ReTo RS7
48%
"Prawdziwa dama to Twoja mama To Twoja mama, to to Twoja mama Szanuj ją dzieciak do końca świata Do końca świata, do do końca świata" Gang Albanii Dla prawdziwych dam
46%
"Pi***ol to wszystko i tańcz, tańcz, tańcz" Blacha Mademoiselle
43%
"Duże oczy, zrzucam spodnie razem z ciutką stresu Głęboki oddech, szybki umysł, gruby plan" Sobel Kinol
42%
"Głos kraju mataczy to my Polacy, głos kraju bez pracy to my Polacy" 52 Dębiec Ascetoholix To my polacy
42%
"Będę brał cię!" Sokół Pono Fred Franek kimono W aucie
42%
"Znowu w życiu mi nie wyszło, jebać kurwy pierdolone Maska wypukła z dwóch stron, znów się kręci w mojej głowie" Szpaku Włodi Oddajemy krew wampirom
41%
"Wyalienowany bardzo Spodkiem omijamy bagno Nie chcę skończyć jak oni Białe kombinezony, weź mnie odwiedź, nie dzwonisz" Szpaku UFO
41%
"Pragnę żyć aż do bólu, sukcesami się chwalić, Chociaż raz w końcu poczuć jak właściciel Ferrari," Chada Żyć aż do bólu
41%
"Tyle niepotrzebnych słów między nami A dobrze wiemy, że też potrafią ranić" Gedz Bali
40%
"Wasze rapy mam na kompie spakowane w folder "kosz" Wasze rapy - marne kopie, już to wcześniej robił ktoś" Paluch Szpaku Kontrola jakości
40%
"I nawet kiedy Ciebie nie chcę, i nawet kiedy już nie mogę, to zawsze idę w Twoją stronę, uzależniłem się, to chore, ej" Smolasty Otsochodzi Uzależniony
40%
"Te chińskie bajki ciągle robiły mój sen Nie czytam mangi, Rasengan wali mnie w łeb" Guzior Szpaku Ninja
38%
"Zanim odejdę, nim odejdę stąd Chwyć za rękę mnie, złap za rękę mą" K2 Buka 1 moment
37%
"Nieważne gdzie, nawet gdy będziesz sam Trzymaj gardę wysoko i po prostu walcz, walcz, walcz Nawet, gdy czujesz strach, albo już nie masz sił Musisz dotrwać do końca, choćbyś miał tu paść na ryj" Zbuku Do końca
37%
"Czy chciałbym zbyt wiele, żeby nie być sam? Czarne i białe to nie tylko ja." Kaen Cheeba Wdowa Zbyt wiele
37%
"Heszke w meszke him Keszke w meszke him Ryszki szyszki szyszki, to król Albanii!" Gang Albanii Albański raj
34%
"Dama, ty latasz najebana, Prowokujesz ciałem gdy leżysz całkiem naga" Qbik Taka dama
34%
"Za wszystkie krzywdy sam przeproszę Boga One kuszą mnie jak zło-o, biały towar (woo)" Szpaku #Hot16Challenge2
33%
"Nie ma, że nie dziś. Musi być na już. Nie mam więcej żyć." ReTo Blask
32%
"Hajs nie leży na ulicy jeśli tak to powiedz gdzie, pewnie twój dostawca pizzy bardzo dobrze o tym wie" Paluch Cardio
32%
"Kiedy zabraknie mi Ciebie, jak dziś Wyglądałaś tak ładnie - czarne Vansy i dżins Mieliśmy ostatnią szansę, ja wolałem pić Ja jestem nikim, a nie ku*wa jestem jak nikt" Kartky Koszmar minionego lata
32%
"I nie zastanawia mnie co przyniesie mi świt, Chcę napawać się tą chwilą i Wiem, że nie było nigdy lżej, Mój lot - chcemy być wyżej." Sitek Chcemy być wyżej
31%
"Skąpo ubrana, chce, bym patrzył w jej twarz Wie o moich planach, chcę już poznać jej smak" Magiera Sobel Drobna zabawa
29%
"Nadal nie lubię upałów, wypatruję ciągle deszczu, nie lubię garniaków, wychowany w świecie dresów" Paluch Słoń Balans
27%
"Co dzień uczę się jak żyć Czerpię z tych najlepszych chwil Łączę punkty, tworzę nić Ona ochrania moje sny" Miyo Tymek Będzie lepiej
26%
"Brudna Darianna" Popek Dirty Diana
25%
"Cannabis, whisky, ananas - jeszcze będzie hajc.. by poużywać," Sobota Matheo Buczer Bezczel Jeszcze będzie hajc
25%
"Bawię bawię się jak Mick Jagger" PRO8L3M Molly
24%
"Ja słucham małolatów, żeby wiedzieć co się kroi, słucham zgredów, żeby wiedzieć jak było" Sokół Chcemy być wyżej
21%
"Ciągle chcemy trochę więcej Życie piękne jak w piosence mieć Powiedz, co jest najważniejsze Za co dałbyś uciąć ręce swe" Paluch Dym
17%
"I kiedy zaśnie każde z nas na zawsze a moje grzechy, rozdzielą nas Ty szybko lecieć do góry zaczniesz ja spadać zacznę w dół, na twarz" Sobota Przepraszam
15%
"Ganja, ganja, ganja sensimilia Nie palę już tyle, co wciąż jara ma familia Choć w uzależnieniu wcale nie jest taka silna Nigdy nią nie będzie, choć nagonka na nią pilna" Ganja Mafia Justyna Gdy ujrzałem drogę
12%
"Za wszystkich którzy odeszli unieś victorię w powietrze, póki tu ciągle jesteśmy, trzymaj ją w górze, dzisiaj nienawiść zabierzmy bez kropli żalu na cmentarz, i pochowajmy pomału, zakwitną róże" Buka Rahim Natalia Nykiel Obiecuję ci
12%
"Pizda prosto, nie patrzę za siebie" Żabson Floyd Mayweather
7%
Nie znaleziono quizów pasujących do podanych kryteriów
Rozkład punktacji
Procent ludzi z każdym wynikiem
Percentyl według liczby udzielonych odpowiedzi
Twoja historia wyników
Nie rozwiązałeś tego quizu